Carol /

Đã lưu trong:
Chi tiết về thư mục
Tác giả chính: Burwell, Carter (Nhà soạn nhạc)
Tác giả khác: Paulson, Sarah (Diễn viên), Nagy, Phyllis (Người viết kịch bản), Mara, Rooney (Diễn viên), Lacy, Jake (attore) (Diễn viên), Blanchett, Cate (Diễn viên), Lachman, Ed (Nhiếp ảnh gia), Chandler, Kyle (Diễn viên), Haynes, Todd (Giám đốc), Vachon, Christine (Nhà sản xuất), Wolley, Stephen (Nhà sản xuất), Karlsen, Elisabeth (Nhà sản xuất)
Định dạng: Slide
Ngôn ngữ:Tiếng Italy
Tiếng Anh
Được phát hành: [Roma] : Luckyred homevideo, ©2016
Các nhãn: Thêm thẻ
Không có thẻ, Là người đầu tiên thẻ bản ghi này!

MARC

LEADER 00000ngm a22000007i 4500
001 IT\ICCU\MOD\1659451
003 ItRI
005 20260124182815.0
008 160720s2016 it |||||||||||||||k|||||c
024 3 1 |a 8057092011102 
028 4 2 |a PSV35226 
040 |b ita 
041 7 |a ita  |a eng  |2 ISO-639-2 
082 |a 791.43  |9 CINEMA  |2 14 
130 0 |a Carol <film ; 2015>  |3 IT\ICCU\MOD\1659452 
245 0 0 |a Carol /  |c un film di Todd Haynes ; sceneggiatura Phyllis Nagy ; tratto dal libro di Patricia Highsmith ; direttore della fotografia Ed Lachman ; musiche Carter Burwell ; prodotto da Elizabeth Karlsen, Stephen Woolley, Christine Vachon ; [interpreti] Cate Blanchett, Rooney Mara, Sarah Paulson ... [et al.]. 
260 |a [Roma] :  |b Luckyred homevideo,  |c ©2016 
300 |a 1 DVD-video (107 min) :  |b a colori, PAL ;  |c 12 cm 
500 |a Caratteristiche tecniche: regione 2; PAL; 1.85:1, 16/9; DVD 9; Dolby digital 5.1; color. -Titolo del contenitore 
500 |a Produzione cinematografica Gran Bretagna/USA/Australia 2015 
500 |a Lingue: italiano, inglese; sottotitoli: italiano, italiano per non udenti 
500 |a Contenuti extra: trailer. 
700 1 |a Paulson, Sarah  |0 IT\ICCU\CAGV\661756  |4 act 
700 1 |a Highsmith, Patricia  |0 IT\ICCU\CFIV\006585  |4 ant 
700 1 |a Nagy, Phyllis  |0 IT\ICCU\LO1V\348860  |4 sce 
700 1 |a Mara, Rooney  |0 IT\ICCU\MODV\649823  |4 act 
700 1 |a Lacy, Jake  |c  (attore)  |0 IT\ICCU\MODV\661099  |4 act 
700 1 |a Burwell, Carter  |0 IT\ICCU\RAVV\088556  |4 cmp 
700 1 |a Blanchett, Cate  |0 IT\ICCU\RAVV\220897  |4 act 
700 1 |a Lachman, Ed  |0 IT\ICCU\RAVV\476320  |4 pht 
700 1 |a Chandler, Kyle  |0 IT\ICCU\RAVV\583281  |4 act 
700 1 |a Haynes, Todd  |0 IT\ICCU\UBOV\490835  |4 drt 
700 1 |a Vachon, Christine  |0 IT\ICCU\UBOV\809156  |4 pro 
700 1 |a Wolley, Stephen  |0 IT\ICCU\UTOV\524123  |4 pro 
700 1 |a Karlsen, Elisabeth  |0 IT\ICCU\UTOV\524124  |4 pro 
710 2 |a Lucky Red  |0 IT\ICCU\NAPV\131922  |4 pbl 
790 1 |a Morgan, Claire  |3 IT\ICCU\RAVV\676779  |z Highsmith, Patricia 
791 2 |a Lucky Red Home Video  |3 IT\ICCU\MODV\664425  |z Lucky Red 
791 2 |a Luckyred  |3 IT\ICCU\MODV\666674  |z Lucky Red 
942 |2 ddc  |c VM  |n 0 
952 |0 0  |1 0  |4 0  |6 VO_2219_000000000000000  |7 0  |9 26602  |a BO  |b BO  |d 2026-01-24  |i 18237  |l 0  |o VO 2219  |p BO18237  |r 2026-01-24 18:28:15  |w 2026-01-24  |x [Sebina 5] [1 dvd]  |y VM  |z 1 dvd 
999 |c 22499  |d 22499